000 00616nam a2200133Ia 4500
008 100328s9999 xx 000 0 und d
082 _b69292
100 _aठाकूर अजित-अनु.(मूळ लेखक-इयान फ्लेमिंग).
245 _aद स्पाय हू लव्हड मी (The Spy Who Loved Me).
260 _bमेहता पब्लिशिंग हाऊस.
630 _aद स्पाय हू लव्हड मी (The Spy Who Loved Me).
730 _aद स्पाय हू लव्हड मी (The Spy Who Loved Me).
942 _cBOOK
999 _c555023
_d555020